书目信息 |
| 题名: |
工业化进程与资源、环境、节能
|
|
| 作者: | 孙焱婧 , 曾建文 编著 | |
| 分册: | ||
| 出版信息: | 北京 机械工业出版社 2011.01 |
|
| 页数: | 356页 | |
| 开本: | 24cm | |
| 丛书名: | ||
| 单 册: | ||
| 中图分类: | X37 | |
| 科图分类: | ||
| 主题词: | 工业化--关系--环境保护--研究 , 工业化--关系--节能--研究 , 工业化 , 自然资源保护 , 环境保护 , 节能 , 工业化--关系--自然资源保护--研究 | |
| 电子资源: | ||
| ISBN: | 978-7-111-32127-9 | |
| 000 | 01097nam0 2200325 450 | |
| 001 | 010010073347 | |
| 005 | 20110723101006.28 | |
| 010 | @a978-7-111-32127-9@dCNY45.00 | |
| 100 | @a20110126d2011 em y0chiy0110 ea | |
| 101 | 0 | @achi |
| 102 | @aCN@b110000 | |
| 105 | @aak z 000yy | |
| 106 | @ar | |
| 200 | 1 | @a工业化进程与资源、环境、节能@Agong ye hua jin cheng yu zi yuan、huan jing、jie neng@f曾建文,孙焱婧编著 |
| 210 | @a北京@c机械工业出版社@d2011.01 | |
| 215 | @a356页@c图@d24cm | |
| 330 | @a本书介绍了鉴于人类社会发展越来越受制于环境,即正面资源逐渐枯竭的困境,并随着能源价格日益飙升和消费量增加而更加突显的能源危机问题,及为了人类生存和发展而采用各种节能、绿色制造等问题进行研究。 | |
| 586 | @a | |
| 606 | 0 | @a工业化@x关系@x环境保护@x研究 |
| 606 | 0 | @a工业化@x关系@x节能@x研究 |
| 606 | 0 | @a工业化 |
| 606 | 0 | @a自然资源保护 |
| 606 | 0 | @a环境保护 |
| 606 | 0 | @a节能 |
| 606 | 0 | @a工业化@x关系@x自然资源保护@x研究 |
| 690 | @aX37@v5 | |
| 701 | 0 | @a孙焱婧@Asun yan jing@4编著 |
| 701 | 0 | @a曾建文@Azeng jian wen@4编著 |
| 801 | 0 | @aCN@c20110610 |
| 905 | @dX37@eZ024@f3 | |
| 工业化进程与资源、环境、节能/曾建文,孙焱婧编著.-北京:机械工业出版社,2011.01 |
| 356页:图;24cm |
| ISBN 978-7-111-32127-9:CNY45.00 |
| 本书介绍了鉴于人类社会发展越来越受制于环境,即正面资源逐渐枯竭的困境,并随着能源价格日益飙升和消费量增加而更加突显的能源危机问题,及为了人类生存和发展而采用各种节能、绿色制造等问题进行研究。 |
| ● |
| 相关链接 |
|
|
|
正题名:工业化进程与资源、环境、节能
索取号:X37/Z024
 
预约/预借
| 序号 | 登录号 | 条形码 | 馆藏地/架位号 | 状态 | 备注 |
| 1 | 887210 | 208872102 | 自科库501/501自科库 67排1列4层/ [索取号:X37/Z024] | 在馆 | |
| 2 | 887211 | 208872111 | 期刊室512/501自科库 66排6列5层/ [索取号:X37/Z024] | 在馆 | |
| 3 | 887212 | 208872120 | 自科库501/501自科库 67排1列4层/ [索取号:X37/Z024] | 在馆 |